000 00687cam a22002051a 4500
001 000018975
003 DO-SdBNP
005 20250702095521.0
008 810306s1937 nyu 000 0 eng
010 _a37028747
040 _aDO-SdBNP
_cPCarlD
_dOCoLC
_dDLC
100 1 _aDos Passos, John,
_d1896-1970.
_940822
245 1 4 _aThe 42nd parallel, /
_cby John Dos Passos; with an introductory note by the author.
260 _aNew York, :
_bThe Modern Library,
_c[1937].
300 _aix, ix, 415 p. ;
_c18 cm.
490 0 _aThe Modern library of the world's best books.
500 _a"First Modern library edition, 1937."
910 _aCatalogación derivada / LC
942 _2ddc
_cLBS1
999 _c18493
_d18493